| 000 | 00795aam a2200253 a 4500 | ||
|---|---|---|---|
| 008 | |||
| 020 | _a0750667311 (pbk.) | ||
| 049 | _aMAIN | ||
| 090 |
_aHF5548.32 _bCOM |
||
| 100 | 1 | _aCombe, Colin. | |
| 245 | 1 | 0 |
_aIntroduction to e-business : _bmanagement and strategy / _cColin Combe. |
| 260 |
_aAmsterdam : _bButterworth-Heinemann, _c2006. |
||
| 300 |
_axv, 428 p. : _bill. ; _c25 cm. |
||
| 500 | _aIncludes index | ||
| 504 | _aIncludes bibliographical references . | ||
| 650 | 0 | _aElectronic commerce. | |
| 650 | 0 |
_aElectronic commerce _xManagement. |
|
| 650 | 0 |
_aBusiness enterprises _xComputer networks. |
|
| 907 |
_a.b10250347 _b21-07-15 _c04-09-07 |
||
| 003 | |||
| 005 | 20230123122002.0 | ||
| 040 | _cNUST | ||
| 942 |
_cBOOKS _kHF5548.32 _mCOM |
||
| 999 |
_c125823 _d125823 |
||